Lope de Vega (Record no. 8133)

MARC details
000 -LEADER
campo de control de longitud fija 00748nam a2200241 i 4500
001 - NÚMERO DE CONTROL
campo de control 8133
003 - IDENTIFICADOR DE NÚMERO DE CONTROL
campo de control ES-MaACL
005 - FECHA Y HORA DE LA ÚLTIMA TRANSACCIÓN
campo de control 20250805002911.0
007 - CAMPO FIJO DE DESCRIPCIÓN FÍSICA--INFORMACIÓN GENERAL
campo de control de longitud fija t|
008 - DATOS DE LONGITUD FIJA--INFORMACIÓN GENERAL
campo de control de longitud fija 920224s1991 sp |||| |bspa d
020 ## - NÚMERO INTERNACIONAL ESTÁNDAR DEL LIBRO
Número Internacional Estándar del Libro 84-7954-004-4
080 ## - NÚMERO DE LA CLASIFICACIÓN DECIMAL UNIVERSAL
Número de la Clasificación Decimal Universal 821.134.2-31"19"
080 ## - NÚMERO DE LA CLASIFICACIÓN DECIMAL UNIVERSAL
Número de la Clasificación Decimal Universal 929 Vega, Lope de
100 1# - ENTRADA PRINCIPAL--NOMBRE DE PERSONA
Nombre de persona Villacorta Baños, Antonio,
Fechas asociadas al nombre 1944-
9 (RLIN) 114912
245 10 - MENCIÓN DEL TÍTULO
Título Lope de Vega
Resto del título : autobiografía novelada /
Mención de responsabilidad, etc. Antonio Villacorta Baños.
260 ## - PUBLICACIÓN, DISTRIBUCIÓN, ETC.
Lugar de publicación, distribución, etc. Madrid :
Nombre del editor, distribuidor, etc. Libertarias,
Fecha de publicación, distribución, etc. [1991]
300 ## - DESCRIPCIÓN FÍSICA
Extensión 287 p. ;
Dimensiones 20 cm.
490 1# - MENCIÓN DE SERIE
Mención de serie Tres de cuatro soles ;
Designación de volumen o secuencia 14
600 17 - PUNTO DE ACCESO ADICIONAL DE MATERIA--NOMBRE DE PERSONA
Nombre de persona Vega, Lope de,
Fechas asociadas al nombre 1562-1635-
Subdivisión de forma Novelas
Fuente del encabezamiento o término
9 (RLIN) 161665
830 0# - PUNTO DE ACCESO ADICIONAL DE SERIE-TÍTULO UNIFORME
Título uniforme Tres de cuatro soles ;
Designación de volumen o secuencia 14
9 (RLIN) 178061
852 ## - LOCALIZACIÓN
Ubicación ES-MaACL
Número de control de estantería L-15558
Holdings
Estatus retirado Estado de pérdida Estado de daño No para préstamo Biblioteca de origen Biblioteca actual Ubicación en estantería Fecha de adquisición Fuente de adquisición Total de préstamos Signatura topográfica completa Código de barras Visto por última vez Precio de reemplazo Tipo de ítem Koha
        Biblioteca del Ateneo de Madrid Biblioteca del Ateneo de Madrid Depósito 2 17/01/2008     L-15558 1008293 23/02/2023 23/02/2023 Libro impreso